Boy Band Quiz - Statistics

General Stats
  • This quiz has been taken 314 times
  • The average score is 7 of 15
Answer Stats
Hint Answer % Correct
Bass, Chasez, Fatone, Kirkpatrick, Timberlake 'N Sync
89%
Horan, Malik, Payne, Styles, Tomlinson One Direction
87%
Carter, Dorough, Littrell, McLean, Richardson Backstreet Boys
86%
Hanson, Hanson, Hanson Hanson
82%
Barlow, Donald, Orange, Owen, Williams Take That
55%
Duffy, Gately, Graham, Keating, Lynch Boyzone
48%
Byrne, Egan, Feehily, Filan, McFadden Westlife
48%
Knight, Knight, McIntyre, Wahlberg, Wood New Kids On The Block
47%
Lachey, Lachey, Jeffre, Timmons 98 Degrees
46%
Sykes, George, McGuinness, Parker, Kaneswaran The Wanted
34%
Brown, Conlon, Love, Neville, Robinson 5ive
24%
Angel, Estrada, Miller, Penick, Underwood O-Town
19%
Morris, Morris, Stockman, McCary Boyz II Men
18%
Cronin, Fischetti, Lima LFO
15%
Brown, Bivins, DeVoe, Bell, Gill, Tresvant New Edition
14%
No matching quizzes found
Score Distribution
Percent of People with Each Score
Percentile by Number Answered
Your Score History
You have not taken this quiz